[Event "GER-ch U14 Girls"]
[Site "Willingen"]
[Date "2016.05.18"]
[Round "6"]
[White "Kukulina, Sonja"]
[Black "Du, Jessica"]
[Result "1-0"]
[WhiteElo "1532"]
[BlackElo "1520"]
[PlyCount "111"]
[EventDate "2016.05.15"]
[EventType "swiss"]
[EventRounds "9"]
[EventCountry "GER"]
[SourceTitle "CBM 172 Extra"]
[Source "ChessBase"]
[SourceDate "2016.06.21"]
[SourceVersion "1"]
[SourceVersionDate "2016.06.21"]
[SourceQuality "1"]

1. e4 e5 2. Nf3 Nf6 3. d4 Nxe4 4. Bd3 d5 5. dxe5 Nc5 6. Be2 Be7 7. Nc3 Be6 8. Be3 0-0 9. 0-0 f6 10. exf6 Rxf6 11. Bg5 Rg6 12. Bxe7 Qxe7 13. Nxd5 Qd6 14. Ne3 Qe7 15. Re1 Nc6 16. Bc4 Rd8 17. Bxe6+ Qxe6 18. Qe2 Qe7 19. Nf5 Qf7 20. Ne7+ Qxe7 21. Qxe7 Nxe7 22. Rxe7 Rd7 23. Re8+ Kf7 24. Ra8 Ra6 25. Ne5+ Ke7 26. Nxd7 Kxd7 27. Rd1+ Ke7 28. a3 Kf7 29. Rad8 Rc6 30. R8d4 Ne6 31. Rd7+ Kg6 32. c3 Nc5 33. R7d4 Ne6 34. Re4 Kf6 35. Rf1 Rb6 36. Re2 Nf4 37. Rd2 Ne6 38. f4 g6 39. g4 Rb5 40. b4 h6 41. c4 Rb6 42. f5 Ng5 43. fxg6+ Kxg6 44. Kg2 Rc6 45. c5 Ne4 46. Rd4 Ng5 47. h4 Ne6 48. Rd5 Ra6 49. h5+ Kg7 50. Rd7+ Kg8 51. Rf6 Nxc5 52. Rxa6 Nxa6 53. b5 Nc5 54. Rxc7 b6 55. Rxa7 Kf8 56. Rh7 1-0

[Event "GER-ch U14 Girls"]
[Site "Willingen"]
[Date "2016.05.17"]
[Round "4"]
[White "Du, Jessica"]
[Black "Flach, Helene"]
[Result "1/2-1/2"]
[WhiteElo "1520"]
[BlackElo "1702"]
[PlyCount "72"]
[EventDate "2016.05.15"]
[EventType "swiss"]
[EventRounds "9"]
[EventCountry "GER"]
[SourceTitle "CBM 172 Extra"]
[Source "ChessBase"]
[SourceDate "2016.06.21"]
[SourceVersion "1"]
[SourceVersionDate "2016.06.21"]
[SourceQuality "1"]

1. e4 c5 2. Nf3 e6 3. d4 cxd4 4. c3 d3 5. Bxd3 Nf6 6. Bf4 a6 7. 0-0 Be7 8. c4 d6 9. Nc3 0-0 10. Qd2 Nh5 11. Bh6 Kh8 12. g4 gxh6 13. Qxh6 Nf4 14. Qxf4 e5 15. Qe3 Bxg4 16. Kh1 Nd7 17. Nd5 Be6 18. Rg1 Bxd5 19. cxd5 Nc5 20. Bc2 Qc7 21. Ng5 Bxg5 22. Qxg5 f6 23. Qh6 Qf7 24. Rg3 Rg8 25. Rag1 Rxg3 26. Rxg3 Nd7 27. Bd1 Rg8 28. Bh5 Qf8 29. Qxf8 Nxf8 30. Rc3 Rg7 31. h3 Nd7 32. Rc8+ Rg8 33. Rc7 Nc5 34. f3 Rg7 35. Rc8+ Rg8 36. Rc7 Rg7 1/2-1/2

[Event "GER-ch U14 Girls"]
[Site "Willingen"]
[Date "2016.05.15"]
[Round "1"]
[White "Weimert, Miriam"]
[Black "Du, Jessica"]
[Result "1-0"]
[WhiteElo "1726"]
[BlackElo "1520"]
[PlyCount "93"]
[EventDate "2016.05.15"]
[EventType "swiss"]
[EventRounds "9"]
[EventCountry "GER"]
[SourceTitle "CBM 172 Extra"]
[Source "ChessBase"]
[SourceDate "2016.06.21"]
[SourceVersion "1"]
[SourceVersionDate "2016.06.21"]
[SourceQuality "1"]

1. e4 e5 2. Nf3 Nf6 3. Nc3 Bb4 4. Nd5 Nxd5 5. exd5 d6 6. h3 c6 7. Bc4 0-0 8. 0-0 Qf6 9. d4 Bf5 10. c3 Ba5 11. Re1 Re8 12. Qb3 Bb6 13. a4 a5 14. Qxb6 Qe7 15. dxe5 Nd7 16. Qb3 dxe5 17. Bg5 Qd6 18. dxc6 Nc5 19. Bxf7+ Kf8 20. Qd5 Qxd5 21. Bxd5 Rab8 22. Nxe5 bxc6 23. Bxc6 Rec8 24. Bb5 Rc7 25. Nc6 Ra8 26. Be7+ Rxe7 27. Rxe7 Bg6 28. Rae1 Re8 29. Rxe8+ Bxe8 30. Nxa5 Bg6 31. b4 Ne4 32. c4 Nc3 33. c5 Nd5 34. c6 Nc7 35. Bc4 Bc2 36. Bb3 Bf5 37. b5 Bd3 38. b6 Na6 39. c7 Bf5 40. Be6 Nxc7 41. bxc7 Bc2 42. c8Q+ Ke7 43. Qd7+ Kf6 44. Qf7+ Kg5 45. Re5+ Bf5 46. Qxf5+ Kh6 47. Qg5# 1-0

[Event "GER-chT U14 Girls"]
[Site "Magdeburg"]
[Date "2015.12.29"]
[Round "6.2"]
[White "Du, Jessica"]
[Black "Moeller, Lisa Marie"]
[Result "0-1"]
[WhiteElo "1188"]
[BlackElo "1583"]
[PlyCount "120"]
[EventDate "2015.12.27"]
[EventType "team-swiss"]
[EventRounds "7"]
[EventCountry "GER"]
[SourceTitle "EXT 2017"]
[Source "ChessBase"]
[SourceDate "2016.10.25"]
[SourceVersion "1"]
[SourceVersionDate "2016.10.25"]
[SourceQuality "1"]
[WhiteTeam "Erlangen"]
[BlackTeam "Paderborn Blauer Springer"]
[WhiteTeamCountry "GER"]
[BlackTeamCountry "GER"]

1. e4 c5 2. Nf3 a6 3. d4 cxd4 4. Nxd4 Nf6 5. Nc3 e5 6. Nf3 Bb4 7. Bd2 0-0 8. Bd3 d5 9. Ng5 h6 10. Nh3 Bxc3 11. Bxc3 dxe4 12. Bc4 Qxd1+ 13. Rxd1 Bxh3 14. gxh3 Nc6 15. Kd2 Rad8+ 16. Kc1 Nd4 17. Rhg1 b5 18. Bb3 Ne2+ 19. Kb1 Nxg1 20. Rxg1 Rfe8 21. a4 Nd5 22. Ba5 Rd7 23. Re1 Nf6 24. axb5 axb5 25. Bc3 Ra7 26. Kc1 Rd8 27. Kb1 Rda8 28. Kc1 Ra1+ 29. Kd2 Rxe1 30. Kxe1 Re8 31. Ke2 Nh5 32. Ke3 Nf4 33. Kxe4 Nxh3 34. Ke3 Ng5 35. Bb4 Ne6 36. c4 Nd4 37. Bd1 bxc4 38. Bc3 Ra8 39. f4 exf4+ 40. Kxd4 Rd8+ 41. Ke4 Rxd1 42. Kxf4 f6 43. Kg3 Kf7 44. Kf4 Rh1 45. Kg3 Ke6 46. Kg2 Rc1 47. Kf3 Kd5 48. Kf4 Rh1 49. Kg3 Ke4 50. Kg2 Rc1 51. Kf2 Rxc3 52. bxc3 Kd3 53. Ke1 Kxc3 54. Kd1 Kb2 55. Kd2 c3+ 56. Ke3 c2 57. Kd4 c1Q 58. Kd5 f5 59. Ke5 f4 60. Ke4 Qe3+ 0-1

[Event "GER-chT U14 Girls"]
[Site "Magdeburg"]
[Date "2015.12.27"]
[Round "1.2"]
[White "Du, Jessica"]
[Black "Schulz, Theresa Charlotte"]
[Result "1/2-1/2"]
[WhiteElo "1188"]
[BlackElo "1651"]
[PlyCount "94"]
[EventDate "2015.12.27"]
[EventType "team-swiss"]
[EventRounds "7"]
[EventCountry "GER"]
[SourceTitle "EXT 2017"]
[Source "ChessBase"]
[SourceDate "2016.10.25"]
[SourceVersion "1"]
[SourceVersionDate "2016.10.25"]
[SourceQuality "1"]
[WhiteTeam "Erlangen"]
[BlackTeam "Erfurt Empor"]
[WhiteTeamCountry "GER"]
[BlackTeamCountry "GER"]

1. e4 c6 2. d4 d5 3. exd5 cxd5 4. Be2 Bf5 5. Nf3 e6 6. 0-0 Nf6 7. Nc3 a6 8. Bf4 Be7 9. Re1 0-0 10. Ne5 Nc6 11. Be3 Qc7 12. Nxc6 bxc6 13. Bd3 Ng4 14. g3 Nxe3 15. Rxe3 Bxd3 16. Qxd3 c5 17. Rae1 cxd4 18. Nxd5 exd5 19. Rxe7 Qb6 20. b3 Rac8 21. Rd1 Rc3 22. Qxd4 Qxd4 23. Rxd4 Rxc2 24. Ra7 Rxa2 25. Rxd5 g6 26. Rdd7 h5 27. Rdb7 Ra3 28. Rb6 a5 29. Rb5 Kg7 30. Raxa5 Rxa5 31. Rxa5 Rb8 32. Ra3 Kf6 33. Kf1 Kg5 34. h4+ Kf5 35. Ra5+ Ke4 36. Ra4+ Kd3 37. Ra7 Rxb3 38. Rxf7 Rb6 39. f3 Ke3 40. g4 hxg4 41. fxg4 Rb4 42. g5 Rxh4 43. Rf6 Rf4+ 44. Ke1 Rg4 45. Re6+ Kf4 46. Rxg6 Rxg5 47. Rxg5 Kxg5 1/2-1/2

[Event "GER-chT U14 Girls"]
[Site "Magdeburg"]
[Date "2015.12.27"]
[Round "2.2"]
[White "Kuemmel, Tina"]
[Black "Du, Jessica"]
[Result "0-1"]
[WhiteElo "1371"]
[BlackElo "1188"]
[PlyCount "124"]
[EventDate "2015.12.27"]
[EventType "team-swiss"]
[EventRounds "7"]
[EventCountry "GER"]
[SourceTitle "EXT 2017"]
[Source "ChessBase"]
[SourceDate "2016.10.25"]
[SourceVersion "1"]
[SourceVersionDate "2016.10.25"]
[SourceQuality "1"]
[WhiteTeam "Coethen Germania"]
[BlackTeam "Erlangen"]
[WhiteTeamCountry "GER"]
[BlackTeamCountry "GER"]

1. Nf3 d5 2. g3 e6 3. Bg2 Nf6 4. 0-0 Be7 5. d3 0-0 6. Nbd2 Nc6 7. e4 dxe4 8. dxe4 e5 9. c3 Be6 10. Qc2 Re8 11. Nb3 Qc8 12. Re1 Bh3 13. Bh1 Nh5 14. Qe2 Nf4 15. Bxf4 exf4 16. Rad1 fxg3 17. fxg3 a5 18. Bg2 Bg4 19. Kh1 Bd6 20. Rf1 Qe6 21. Rde1 Re7 22. Qf2 Rae8 23. Nfd4 Nxd4 24. cxd4 b6 25. Nc1 Bh3 26. a3 Bxg2+ 27. Qxg2 Qg6 28. e5 c5 29. Qf2 Bb8 30. dxc5 Qc6+ 31. Kg1 Qxc5 32. Nd3 Qxf2+ 33. Rxf2 Bxe5 34. Nxe5 Rxe5 35. Rxe5 Rxe5 36. Rc2 g6 37. Kf2 Kg7 38. Kf3 h5 39. Kf4 Re6 40. b4 axb4 41. axb4 f6 42. Kf3 g5 43. Rd2 Kg6 44. Rc2 f5 45. Rc4 Kf6 46. Rc8 g4+ 47. Kf2 Kg5 48. Rc4 h4 49. Rd4 hxg3+ 50. hxg3 Re4 51. Rxe4 fxe4 52. Ke3 Kf5 53. Kd4 b5 54. Ke3 Ke5 55. Ke2 Kd4 56. Kd2 e3+ 57. Ke2 Ke4 58. Ke1 Kf3 59. Kf1 Kxg3 60. Ke2 Kf4 61. Kf1 Kf3 62. Ke1 e2 0-1

[Event "GER-ch U12"]
[Site "Magdeburg"]
[Date "2014.06.14"]
[Round "11"]
[White "Eulitz, Charlotte"]
[Black "Du, Jessica"]
[Result "0-1"]
[WhiteElo "1191"]
[BlackElo "1241"]
[PlyCount "112"]
[EventDate "2014.06.08"]
[EventType "swiss"]
[EventRounds "11"]
[EventCountry "GER"]
[SourceTitle "CBM 160 Extra"]
[Source "ChessBase"]
[SourceDate "2014.07.01"]
[SourceVersion "1"]
[SourceVersionDate "2014.07.01"]
[SourceQuality "1"]

1. e4 e5 2. Nf3 Nc6 3. Bc4 Bc5 4. c3 Bb6 5. d4 exd4 6. cxd4 d6 7. h3 h6 8. 0-0 Nf6 9. Nc3 0-0 10. Re1 Re8 11. e5 dxe5 12. dxe5 Qxd1 13. Nxd1 Nd7 14. e6 fxe6 15. Bxe6+ Kh7 16. Bd2 Nc5 17. Bd5 Rxe1+ 18. Bxe1 Ne7 19. Bc4 Bf5 20. Bc3 Rd8 21. Ne3 Bd3 22. Rd1 c6 23. Ne5 Bxc4 24. Rxd8 Bxd8 25. N3xc4 Kg8 26. Bd4 Bb6 27. Kf1 Nf5 28. Bc3 Bd8 29. g4 Ne7 30. Bd4 b6 31. Ke2 Ne6 32. Bc3 Nf4+ 33. Kf3 Nxh3 34. Nd6 Ng5+ 35. Kg2 Bc7 36. Ndc4 Ne4 37. Nd3 Nxc3 38. bxc3 Nd5 39. Nde5 c5 40. a3 Nxc3 41. f4 Nb5 42. a4 Nc3 43. Nb2 g5 44. Kf3 Kf8 45. Ned3 Kf7 46. Ke3 Kf6 47. Kf3 Nd5 48. f5 Be5 49. Nc4 Bc7 50. Kg2 Nf4+ 51. Nxf4 Bxf4 52. Kf3 h5 53. Nb2 hxg4+ 54. Kxg4 a6 55. Nd3 Bd2 56. Nb2 b5 0-1

[Event "GER-ch U12"]
[Site "Magdeburg"]
[Date "2014.06.11"]
[Round "6"]
[White "Du, Jessica"]
[Black "Albert, Eske"]
[Result "1-0"]
[WhiteElo "1241"]
[BlackElo "893"]
[PlyCount "71"]
[EventDate "2014.06.08"]
[EventType "swiss"]
[EventRounds "11"]
[EventCountry "GER"]
[SourceTitle "CBM 160 Extra"]
[Source "ChessBase"]
[SourceDate "2014.07.01"]
[SourceVersion "1"]
[SourceVersionDate "2014.07.01"]
[SourceQuality "1"]

1. e4 e6 2. d4 d5 3. exd5 exd5 4. Nc3 Nf6 5. Nf3 Nc6 6. Bf4 Bb4 7. Bd3 0-0 8. 0-0 Bg4 9. h3 Be6 10. Re1 Re8 11. Ne5 Nxd4 12. a3 Ba5 13. Bg5 h6 14. Bh4 Qe7 15. b4 Bb6 16. Nf3 a5 17. Nxd5 Red8 18. Nxe7+ Kf8 19. Bxf6 gxf6 20. Nxd4 Bxd4 21. Rb1 Kxe7 22. Qf3 b6 23. Bf5 Rab8 24. Bxe6 fxe6 25. Rbd1 axb4 26. axb4 c5 27. bxc5 Bxc5 28. Rxd8 Rxd8 29. Rd1 Rb8 30. Qg3 Rb7 31. Qg7+ Ke8 32. Qxb7 e5 33. Ra1 Be7 34. Ra7 Kf8 35. Qxe7+ Kg8 36. Ra8# 1-0

[Event "GER-ch U12"]
[Site "Magdeburg"]
[Date "2014.06.10"]
[Round "5"]
[White "Wolterink, Jule"]
[Black "Du, Jessica"]
[Result "1/2-1/2"]
[WhiteElo "943"]
[BlackElo "1241"]
[PlyCount "115"]
[EventDate "2014.06.08"]
[EventType "swiss"]
[EventRounds "11"]
[EventCountry "GER"]
[SourceTitle "CBM 160 Extra"]
[Source "ChessBase"]
[SourceDate "2014.07.01"]
[SourceVersion "1"]
[SourceVersionDate "2014.07.01"]
[SourceQuality "1"]

1. c4 e5 2. Nc3 Nf6 3. g3 Bc5 4. Bg2 Nc6 5. e3 d6 6. Nge2 Be6 7. b3 d5 8. d4 exd4 9. exd4 Bb6 10. cxd5 Nxd5 11. Bb2 Qd7 12. 0-0 Nxc3 13. Bxc3 Bh3 14. Re1 0-0 15. d5 Bxg2 16. Kxg2 Ne7 17. Nf4 Rad8 18. Bb4 Rfe8 19. Bxe7 Rxe7 20. Rxe7 Qxe7 21. Qf3 Bd4 22. Rd1 Be5 23. Re1 Qd6 24. Rd1 Bxf4 25. Qxf4 c6 26. Qa4 a6 27. Re1 Qxd5+ 28. Kg1 Qf3 29. Qb4 Rd1 30. Qe7 Rxe1+ 31. Qxe1 g6 32. Qe8+ Kg7 33. Qe5+ Kh6 34. Qc7 Qd1+ 35. Kg2 Qd5+ 36. Kg1 c5 37. Qf4+ Kg7 38. Qe3 Qd4 39. Qf3 Qb4 40. Qd5 b5 41. Qe5+ f6 42. Qc7+ Kh6 43. Qe7 Qd4 44. Qf8+ Kh5 45. Qg7 h6 46. Kg2 Qe4+ 47. Kg1 f5 48. Qd7 Qd4 49. Qe6 Qa1+ 50. Kg2 Qxa2 51. Qe3 c4 52. Qf3+ Kg5 53. Qf4+ Kf6 54. Qd6+ Kg5 55. Qf4+ Kf6 56. Qd6+ Kf7 57. Qd7+ Kf8 58. Qd8+ 1/2-1/2